Ιδεολογία και ολοκληρωτισμός
Αποθηκεύτηκε σε:
| Συγγραφή απο Οργανισμό/Αρχή: | |
|---|---|
| Μορφή: | Βιβλίο |
| Γλώσσα: | Greek English |
| Δημοσίευση: |
Αθήναι :
Μαρμαρύγη,
1952.
|
| Σειρά: | Σύγχρονα προβλήματα
|
| Θέματα: | |
| Ετικέτες: |
Προσθήκη ετικέτας
Δεν υπάρχουν, Καταχωρήστε ετικέτα πρώτοι!
|
MARC
| LEADER | 00000cam a2200000 i 4500 | ||
|---|---|---|---|
| 001 | 1/90609 | ||
| 008 | 080707s1952 gr | ||| |||| ||gre|| | ||
| 035 | |l 10098762 | ||
| 040 | |a GR-MY-UA |b gre |e aacr | ||
| 041 | 1 | |a gre |h eng | |
| 082 | 7 | |a 947 |2 (22) | |
| 245 | 0 | 0 | |a Ιδεολογία και ολοκληρωτισμός / |c μελέται Ινστιτούτου S. King-Hall. |
| 260 | |a Αθήναι : |b Μαρμαρύγη, |c 1952. | ||
| 300 | |a 103 σ. ; |c 22 εκ. | ||
| 490 | 1 | |a (Σύγχρονα προβλήματα / Μαρμαρύγη) | |
| 500 | |a Η ασφάλεια του κράτους, η Ρωσία και ο κόσμος, η φύσις της Σοβιετικής προπαγάνδας | ||
| 650 | 0 | 0 | |a Propaganda, Russian. |
| 651 | 0 | |a Russia |x Ethnic relations. | |
| 651 | 0 | |a Russia |x Philosophy. | |
| 651 | 0 | |a Russia |x Foreign relations. | |
| 651 | 0 | |a Russia |x History. | |
| 710 | 2 | |a Institute S. King-Hall. | |
| 830 | 0 | |a Σύγχρονα προβλήματα | |
| 852 | |a INST |b RHODES |c AKA |e 20080707 |h 947 ΙΔΕ |p 005400027788 |q 005400027788 |t BK |y 0 | ||
| 901 | |a BIBL4-2008-2 | ||
| 909 | |a Ρ |b 150747 | ||
| 970 | |a ΧΑΡΙΟΠΟΛΙΤΟΥ |b ΚΩΝΣΤΑΝΤΙΝΑ |z 2008/07/07 | ||